[Event "ESP-ch States U14"]
[Site "Isla"]
[Date "2022.06.25"]
[Round "5"]
[White "Perez Azanza, Irati"]
[Black "Moreno Burillo, Maria"]
[Result "1-0"]
[WhiteElo "1074"]
[BlackElo "1208"]
[PlyCount "79"]
[EventDate "2022.06.23"]
[EventType "swiss"]
[EventRounds "6"]
[EventCountry "ESP"]
[SourceTitle "EXT 2023"]
[Source "ChessBase"]
[SourceDate "2022.10.05"]
[SourceVersion "1"]
[SourceVersionDate "2022.10.05"]
[SourceQuality "1"]

1. d4 Nf6 2. Nf3 g6 3. Nc3 Bg7 4. e4 d6 5. Bc4 e5 6. dxe5 dxe5 7. Qxd8+ Kxd8 8. Nxe5 Ke7 9. Bg5 c6 10. Nxf7 Re8 11. 0-0 Kf8 12. Rfe1 Be6 13. Nd6 Bxc4 14. Nxc4 Nbd7 15. Rad1 h6 16. Bxf6 Nxf6 17. e5 Ng4 18. e6 h5 19. e7+ Rxe7 20. Rxe7 Kxe7 21. Ne2 b5 22. Na5 Rc8 23. c3 Ne5 24. Nd4 Kf7 25. f4 Nc4 26. Ndxc6 Nxa5 27. Nxa5 Rc7 28. Nb3 Ke7 29. Rf1 Kf6 30. Nd2 Re7 31. Kf2 Kf5 32. g3 Rd7 33. Nf3 Rd5 34. Re1 Bf8 35. Re8 Bc5+ 36. Kg2 Kf6 37. Re5 Rxe5 38. Nxe5 Be3 39. Kf3 Bc1 40. Nd3 1-0

[Event "ESP-ch States U14"]
[Site "Isla"]
[Date "2022.06.24"]
[Round "3"]
[White "Toquero Gracia, Laura"]
[Black "Perez Azanza, Irati"]
[Result "0-1"]
[WhiteElo "1551"]
[BlackElo "1074"]
[PlyCount "104"]
[EventDate "2022.06.23"]
[EventType "swiss"]
[EventRounds "6"]
[EventCountry "ESP"]
[SourceTitle "EXT 2023"]
[Source "ChessBase"]
[SourceDate "2022.10.05"]
[SourceVersion "1"]
[SourceVersionDate "2022.10.05"]
[SourceQuality "1"]

1. d4 d5 2. Nf3 Nf6 3. g3 Bf5 4. Bg2 e6 5. 0-0 Bd6 6. c4 c6 7. Qb3 Qc7 8. c5 Be7 9. Bf4 Qc8 10. Nc3 Nbd7 11. Rac1 0-0 12. Nh4 Nh5 13. Nxf5 exf5 14. Bd2 Rb8 15. Qc2 Ndf6 16. b4 Re8 17. b5 Bd8 18. a4 Bc7 19. f3 Qe6 20. Rce1 Re7 21. e4 fxe4 22. fxe4 Qg4 23. Bf3 Qg6 24. Rf2 Rbe8 25. Rfe2 Bf4 26. Bxf4 Nxf4 27. Re3 Nh3+ 28. Kg2 Ng5 29. Qb1 dxe4 30. Bd1 Qf5 31. g4 Nxg4 32. Bxg4 Qxg4+ 33. Rg3 Qf5 34. Rf1 Qd7 35. Rxg5 Qxd4 36. Qc2 e3 37. Rd1 Qf4 38. Rg3 e2 39. Re1 Qc4 40. Rh3 g6 41. Rg3 Qxc5 42. h4 Re3 43. Rxe3 Rxe3 44. Qd2 Qxc3 45. Qxc3 Rxc3 46. Rxe2 Rc4 47. bxc6 bxc6 48. Re8+ Kg7 49. a5 Ra4 50. Re5 Rxh4 51. Rc5 Rg4+ 52. Kh3 Ra4 0-1